| Tag |
First Indicator |
Second Indicator |
Subfields |
| LEADER |
00000cam a2200000 4500 |
| 001 |
in00000049520 |
| 005 |
20151007071749.0 |
| 008 |
770817s1951 enk 00000 eng |
| 010 |
|
|
|a 52006120
|
| 035 |
|
|
|a (OCoLC)03196174
|
| 035 |
|
|
|9 AAE6595AM
|
| 040 |
|
|
|a DLC
|c OCP
|d TXA
|d UtOrBLW
|
| 049 |
|
|
|a TXAM
|c [458673]
|
| 050 |
|
0 |
|a QD42
|b .G573
|
| 082 |
0 |
|
|a 540.76
|
| 092 |
|
|
|a 540.76
|b G578h, 1951
|
| 100 |
1 |
|
|a Goddard, Frederick Walter.
|
| 245 |
1 |
0 |
|a Higher chemical arithmetic.
|
| 264 |
|
1 |
|a London,
|a New York :
|b Longmans, Green,
|c [1951]
|
| 300 |
|
|
|a 221 pages ;
|c 20 cm.
|
| 336 |
|
|
|a text
|b txt
|2 rdacontent
|
| 337 |
|
|
|a unmediated
|b n
|2 rdamedia
|
| 338 |
|
|
|a volume
|b nc
|2 rdacarrier
|
| 650 |
|
0 |
|a Chemistry
|v Problems, exercises, etc.
|
| 740 |
0 |
|
|a Chemical arithmetic.
|
| 999 |
|
|
|a MARS
|
| 999 |
f |
f |
|s 162f5138-917b-3292-a14d-9cce6e09cab6
|i 0ad6f498-3889-34c9-a910-3df59552e1bc
|t 0
|
| 952 |
f |
f |
|p ric
|a Texas A&M University
|b Rellis Campus
|c Joint Library Facility
|d Remote Storage
|t 0
|e QD42 .G573
|h Library of Congress classification
|i unmediated -- volume
|m A14800932791
|
| 998 |
f |
f |
|a QD42 .G573
|t 0
|l Remote Storage
|